Jeux vidéos par personnage principaux - Statistiques

Statistiques générales
  • Ce quiz a été pris 201 fois
  • Le résultat moyen est 7 sur 15
Statistiques - réponses
Hint Réponse % Correct
Joël Miller / Ellie The Last of Us
92%
Link The Legend of Zelda
88%
Kratos God of War
80%
Geralt de Riv The Witcher
78%
Nathan Drake Uncharted
73%
Arthur Morgan Red Dead Redemption 2
65%
Master Chief (Spartan John-117) Halo
58%
The Prince (Prince Dastan) Prince of Persia
50%
Ezio Audiotore da Firenze Assassin's creed 2
47%
Carl Johnson (CJ) Grand Theft Auto : San Andreas
36%
Alex Mason Call of Duty : Black ops
21%
Rico Rodriguez Just Cause
18%
William Joseph Blazkowicz Wolfenstein
16%
Sebastian Castellanos The Evil Within
13%
Jacket Hotline Miami
5%
Aucun quiz correspondant
Distribution des résultats
% des personnes avec chaque résultat
Percentile par nombre de réponses
Votre historique - résultats
Vous n’avez pas pris ce quiz